| 000 | 00761nam a2200229 a 4500 | ||
|---|---|---|---|
| 001 | BRCA_5788 | ||
| 005 | 20190320205220.0 | ||
| 008 | 090311s1955----sp-a######---#000-0#spa-# | ||
| 041 | _aspa | ||
| 044 | _amx | ||
| 050 | 4 |
_aNK9262 _b.T87 1955 |
|
| 100 | 1 |
_aTurmo, Isabel _914677 |
|
| 245 | 1 | 0 |
_aBordados y bordadores sevillanos _b(siglos XVI a XVIII) _cIsabel Turmo. |
| 260 |
_aMadrid _bLaboratorio de Arte, Universidad de Sevilla _c1955 |
||
| 300 |
_a137 p. _bil., 86 láminas _c25 cm. |
||
| 500 | _aIncluye relación de bordadores por orden alfabético y notas a las láminas | ||
| 500 | _aEjemplar engargolado | ||
| 500 | _aPor política no se presta a domicilio | ||
| 650 | 1 | 4 |
_aBordado _ySiglo XVI-XVIII _zSevilla _914678 |
| 902 | _aeng | ||
| 942 |
_2lcc _cB |
||
| 999 |
_c5477 _d5477 |
||